| 000 | 01193nam a2200433 a 4500 | ||
|---|---|---|---|
| 003 | AR-BaBNM | ||
| 005 | 20251128205641.0 | ||
| 008 | 082120s2002 ||||||||||||||000 | spa|| | ||
| 020 | _a84-7100-611-1 | ||
| 040 | _cAR-BaBNM | ||
| 245 | 0 | 0 | _aEl cristianismo en el Norte de Africa |
| 260 |
_aMadrid _bMapfre _c1993 |
||
| 300 | _a298 p. | ||
| 490 | 0 |
_aEl Magreb _vv. 6 |
|
| 504 | _aBibliografía para consultar p. 287-289 | ||
| 650 | 4 | _aMUSULMANES | |
| 650 | 4 | _aHISTORIA POLITICA | |
| 650 | 4 | _aISLAM | |
| 650 | 4 | _aHISTORIA DE LAS RELIGIONES | |
| 650 | 4 | _aHISTORIA ECONOMICA | |
| 650 | 4 | _aHISTORIA MILITAR | |
| 650 | 4 | _aHISTORIA SOCIAL | |
| 650 | 4 | _aHISTORIA DE LAS COSTUMBRES | |
| 650 | 4 | _aCRISTIANISMO | |
| 651 | 4 | _aAfrica | |
| 653 | _aEVANGELIZACION | ||
| 700 | 1 |
_aTeissier, Henri _ecoordinador |
|
| 700 | 1 |
_aLourido Díaz, Ramón _ecoordinador |
|
| 700 | 1 | _aGeorger, Alphonse | |
| 700 | 1 | _aAndalousies, Jean | |
| 700 | 1 | _aSabbadin, Filiberto | |
| 700 | 1 | _aGonzález, Denis | |
| 700 | 1 | _aCouturier, Bertrand | |
| 700 | 1 | _aFisset, Jean | |
| 700 | 1 | _aPeteiro, Antonio | |
| 800 | 1 |
_aGallego, José Andrés _ecoordinador |
|
| 942 | _cBK | ||
| 998 | _cMariana | ||
| 999 |
_c12242 _d12242 |
||